[Event "43. Torneo de Ajedrez Villa de Mislata"]
[Site "Mislata ESP"]
[Date "2009.08.28"]
[Round "6.4"]
[White "Pardo Simon, David"]
[Black "Del Rio De Angelis, Salvador G"]
[Result "1/2-1/2"]
[WhiteElo "2321"]
[BlackElo "2560"]
[PlyCount "49"]
[EventDate "2009.08.24"]
[EventType "swiss"]
[EventRounds "9"]
[EventCountry "ESP"]
[Source "lmi"]
[SourceDate "2009.08.24"]

1. e4 c6 2. Nc3 d5 3. Nf3 Bg4 4. h3 Bxf3 5. Qxf3 e6 6. d3 Nd7 7. Bd2 g6 8. g4
Bg7 9. O-O-O Ne7 10. h4 h5 11. gxh5 Rxh5 12. Qg2 Qc7 13. Be2 Rh7 14. h5 O-O-O
15. hxg6 Rxh1 16. Rxh1 Nxg6 17. Bh5 Bxc3 18. Bxc3 Nf4 19. Qf3 dxe4 20. Qxe4
Nxh5 21. Rxh5 Qd6 22. Qd4 Qxd4 23. Bxd4 b6 24. Rh7 Rf8 25. Kd2 1/2-1/2

[Event "43. Torneo de Ajedrez Villa de Mislata"]
[Site "Mislata ESP"]
[Date "2009.08.28"]
[Round "6.5"]
[White "Alonso Moyano, Jonathan"]
[Black "Gomez Garrido, Camilo"]
[Result "0-1"]
[WhiteElo "2365"]
[BlackElo "2461"]
[PlyCount "94"]
[EventDate "2009.08.24"]
[EventType "swiss"]
[EventRounds "9"]
[EventCountry "ESP"]
[Source "lmi"]
[SourceDate "2009.08.24"]

1. e4 c5 2. Nc3 d6 3. f4 g6 4. Nf3 Bg7 5. Bc4 Nc6 6. O-O Nf6 7. d3 O-O 8. Qe1
Nd4 9. Qh4 e6 10. f5 d5 11. Bb3 Nxf3+ 12. Rxf3 dxe4 13. Rh3 exd3 14. Rxd3 Qb6
15. fxg6 fxg6 16. Be3 Qb4 17. Qh3 Nd5 18. a3 Qb6 19. Nxd5 exd5 20. Bxd5+ Kh8
21. Qh4 Qxb2 22. Rc1 Bf5 23. Rb3 Qe5 24. c4 Rac8 25. Bf2 b6 26. Re1 Qf6 27. Qg3
Rce8 28. Rbe3 Rxe3 29. Qxe3 Bd7 30. Bg3 Qd4 31. Qxd4 Bxd4+ 32. Kh1 Re8 33.
Rxe8+ Bxe8 34. Bb8 a6 35. Bb7 b5 36. Bxa6 b4 37. axb4 cxb4 38. Bd6 b3 39. c5 b2
40. Bd3 Bd7 41. c6 Bxc6 42. h3 Kg7 43. Kh2 Kf6 44. Ba3 Ke5 45. Bxb2 Bxb2 46. h4
Be4 47. Be2 Kf4 0-1

[Event "43. Torneo de Ajedrez Villa de Mislata"]
[Site "Mislata ESP"]
[Date "2009.08.28"]
[Round "6.6"]
[White "Palencia, Wilson"]
[Black "Gonzalez Rodriguez, Jorge Armando"]
[Result "1-0"]
[WhiteElo "2319"]
[BlackElo "2429"]
[PlyCount "89"]
[EventDate "2009.08.24"]
[EventType "swiss"]
[EventRounds "9"]
[EventCountry "ESP"]
[Source "lmi"]
[SourceDate "2009.08.24"]

1. e4 e6 2. d4 d5 3. Nc3 Bb4 4. Nge2 Nf6 5. Bg5 Be7 6. e5 Ng8 7. Be3 b6 8. Nf4
Qd7 9. Qg4 Bf8 10. O-O-O c6 11. Qg5 h6 12. Qh5 Ba6 13. h4 Bxf1 14. Rhxf1 Na6
15. Qe2 Nc7 16. h5 O-O-O 17. Nd3 f5 18. exf6 gxf6 19. Nb1 Bd6 20. f4 f5 21. Ne5
Bxe5 22. fxe5 Ne7 23. g3 Rdg8 24. Bf4 Kb7 25. Nd2 a5 26. Kb1 a4 27. a3 Nb5 28.
Qe3 Rg4 29. Rh1 Qc8 30. Qd3 Qe8 31. Nf1 Rg7 32. Ne3 Qd7 33. c3 Rgg8 34. Qc2 c5
35. dxc5 bxc5 36. Nc4 Ra8 37. Qf2 Qc6 38. Nd6+ Nxd6 39. exd6 Nc8 40. Qe3 Re8
41. d7 Qxd7 42. Qxc5 Rh8 43. Rd4 Nb6 44. Rb4 Rac8 45. Rxb6+ 1-0

[Event "43. Torneo de Ajedrez Villa de Mislata"]
[Site "Mislata ESP"]
[Date "2009.08.28"]
[Round "6.7"]
[White "Garcia Molla, Victor"]
[Black "Spassov, Liuben"]
[Result "1-0"]
[WhiteElo "2328"]
[BlackElo "2427"]
[PlyCount "135"]
[EventDate "2009.08.24"]
[EventType "swiss"]
[EventRounds "9"]
[EventCountry "ESP"]
[Source "lmi"]
[SourceDate "2009.08.24"]

1. d4 Nf6 2. c4 e6 3. Nc3 Bb4 4. e3 O-O 5. Bd3 d5 6. a3 Bxc3+ 7. bxc3 dxc4 8.
Bxc4 c5 9. Ne2 Qc7 10. Ba2 Rd8 11. O-O e5 12. Bb2 Nc6 13. Qc2 Ne7 14. dxe5 Qxe5
15. c4 Qg5 16. Ng3 Bd7 17. Rad1 Bc6 18. Bb1 Ng6 19. f4 Qg4 20. Bxf6 gxf6 21.
Nf5 Kf8 22. h3 Qh5 23. Rxd8+ Rxd8 24. Kh2 Ne7 25. g4 Qg6 26. Rd1 Re8 27. Qf2
Nxf5 28. Bxf5 Qg7 29. e4 b6 30. Qf3 Kg8 31. Rd6 Ba8 32. Qd3 h5 33. Rd8 Qf8 34.
Rxe8 Qxe8 35. gxh5 Kg7 36. Qd6 Qh8 37. e5 Qh6 38. exf6+ Qxf6 39. Qxf6+ Kxf6 40.
h6 Bc6 41. Bc2 a6 42. Kg3 b5 43. cxb5 axb5 44. Kf2 b4 45. axb4 cxb4 46. Ke3 Bd5
47. Bb1 b3 48. Kd2 Bg2 49. h4 Bf3 50. Kc3 Bd5 51. f5 Be6 52. fxe6 fxe6 53. Kxb3
Kf7 54. Bh7 Kf6 55. Kc3 Kf7 56. Kd4 Kf6 57. Kc5 Ke7 58. Kc6 Kf6 59. Kd6 Kf7 60.
Ke5 Ke7 61. Kf4 Kf6 62. Kg4 Ke7 63. Bg8 Kf6 64. Kh5 e5 65. Bd5 e4 66. Bxe4 Kf7
67. Bd5+ Kf6 68. Ba2 1-0

[Event "43. Torneo de Ajedrez Villa de Mislata"]
[Site "Mislata ESP"]
[Date "2009.08.28"]
[Round "6.9"]
[White "Mellado Trivino, Juan"]
[Black "Battaglini, Gabriel"]
[Result "0-1"]
[WhiteElo "2417"]
[BlackElo "2345"]
[PlyCount "40"]
[EventDate "2009.08.24"]
[EventType "swiss"]
[EventRounds "9"]
[EventCountry "ESP"]
[Source "lmi"]
[SourceDate "2009.08.24"]

1. e4 c6 2. d4 d5 3. Nc3 dxe4 4. Nxe4 Bf5 5. Ng3 Bg6 6. h4 h6 7. Nf3 Nd7 8. h5
Bh7 9. Bd3 Bxd3 10. Qxd3 e6 11. Bd2 Ngf6 12. Qe2 Be7 13. O-O-O O-O 14. Ne5 c5
15. dxc5 Nxc5 16. f4 Qc7 17. f5 Rfc8 18. Bb4 Nd5 19. Bxc5 Bxc5 20. Nf1 Nc3 0-1

[Event "43. Torneo de Ajedrez Villa de Mislata"]
[Site "Mislata ESP"]
[Date "2009.08.28"]
[Round "6.10"]
[White "Rabineau, Clement"]
[Black "Vitor, Antonio"]
[Result "1/2-1/2"]
[WhiteElo "2263"]
[BlackElo "2398"]
[PlyCount "33"]
[EventDate "2009.08.24"]
[EventType "swiss"]
[EventRounds "9"]
[EventCountry "ESP"]
[Source "lmi"]
[SourceDate "2009.08.24"]

1. e4 Nf6 2. e5 Nd5 3. c4 Nb6 4. c5 Nd5 5. Nc3 c6 6. Bc4 e6 7. Ne4 b6 8. d3
bxc5 9. Qh5 d6 10. f4 Nb4 11. Nf3 d5 12. O-O g6 13. Qh3 Be7 14. Qh6 Bf8 15. Qh3
Be7 16. Qh6 Bf8 17. Qh3 1/2-1/2

[Event "43. Torneo de Ajedrez Villa de Mislata"]
[Site "Mislata ESP"]
[Date "2009.08.28"]
[Round "6.11"]
[White "Dolezal, Cristian"]
[Black "Fenollar Jorda, Manuel"]
[Result "0-1"]
[WhiteElo "2391"]
[BlackElo "2341"]
[PlyCount "198"]
[EventDate "2009.08.24"]
[EventType "swiss"]
[EventRounds "9"]
[EventCountry "ESP"]
[Source "lmi"]
[SourceDate "2009.08.24"]

1. e4 e6 2. d4 d5 3. Nc3 Nf6 4. Bg5 Be7 5. e5 Nfd7 6. Bxe7 Qxe7 7. Qg4 f5 8.
Qh5+ Qf7 9. Qxf7+ Kxf7 10. Nb5 Na6 11. c3 Nb6 12. a4 Bd7 13. b3 Ke7 14. a5 Nc8
15. Na3 Nb8 16. Nf3 a6 17. Kd2 Na7 18. c4 Bc6 19. Be2 Rd8 20. Kc3 Be8 21. Nc2
Bh5 22. h3 c5 23. dxc5 dxc4 24. bxc4 Nd7 25. g4 fxg4 26. Nfd4 Nxc5 27. hxg4 Bg6
28. f3 h6 29. Rhd1 Rd7 30. Kb4 Rc8 31. f4 Rdc7 32. f5 Bf7 33. Ne3 Nd7 34. fxe6
Bxe6 35. Nef5+ Bxf5 36. Nxf5+ Ke6 37. Nxg7+ Kxe5 38. Rd5+ Kf6 39. Nh5+ Ke7 40.
Re1 Nc6+ 41. Kc3 Nce5 42. Bd3 Rc5 43. Rxd7+ Kxd7 44. Bf5+ Kd6 45. Bxc8 Rxc4+
46. Kb3 Rxc8 47. Ng3 Nxg4 48. Nf5+ Kd7 49. Re7+ Kd8 50. Rxb7 Rc5 51. Nd6 Rxa5
52. Rg7 Rd5 53. Nb7+ Kc8 54. Kb4 Rb5+ 55. Ka4 Rxb7 56. Rxg4 Rb6 57. Ka5 Rf6 58.
Rd4 Kc7 59. Rd1 h5 60. Rd4 Rh6 61. Rh4 Kd7 62. Kb4 Ke6 63. Kc3 Kf5 64. Kd3 Kg5
65. Rh1 h4 66. Ke3 a5 67. Rg1+ Kf5 68. Ra1 h3 69. Kf3 Ra6 70. Ra4 Ke5 71. Rh4
a4 72. Ke3 a3 73. Rh5+ Kf6 74. Rh6+ Kg5 75. Rxa6 h2 76. Ra5+ Kg4 77. Ra4+ Kg3
78. Rxa3 h1=Q 79. Rd3 Qe1+ 80. Kd4+ Kf4 81. Kc5 Qe5+ 82. Kc6 Qe7 83. Rd7 Qe6+
84. Rd6 Qc4+ 85. Kb6 Ke5 86. Rc6 Qb4+ 87. Ka6 Kd5 88. Rb6 Qa4+ 89. Kb7 Kc5 90.
Ra6 Qd7+ 91. Kb8 Kb5 92. Ra7 Qd6+ 93. Kc8 Qe6+ 94. Kd8 Qg8+ 95. Kc7 Qe8 96.
Rb7+ Kc5 97. Ra7 Qe7+ 98. Kb8 Qd8+ 99. Kb7 Kb5 0-1

[Event "43. Torneo de Ajedrez Villa de Mislata"]
[Site "Mislata ESP"]
[Date "2009.08.28"]
[Round "6.12"]
[White "Paniagua Tineo, Arturo"]
[Black "Mascaro March, Pedro"]
[Result "1/2-1/2"]
[WhiteElo "2079"]
[BlackElo "2382"]
[PlyCount "87"]
[EventDate "2009.08.24"]
[EventType "swiss"]
[EventRounds "9"]
[EventCountry "ESP"]
[Source "lmi"]
[SourceDate "2009.08.24"]

1. d4 Nf6 2. c4 e6 3. Nf3 b6 4. g3 Ba6 5. b3 d5 6. Bg2 Bb4+ 7. Bd2 Be7 8. Nc3
c6 9. Ne5 Nfd7 10. Nxd7 Qxd7 11. cxd5 cxd5 12. O-O Nc6 13. Re1 O-O 14. Bf4 Rfd8
15. Qd2 Rac8 16. a3 Bf6 17. Be3 Na5 18. Qb2 Rc6 19. Na2 Bb7 20. Nb4 Rcc8 21.
Rac1 Be7 22. Bd2 h6 23. Rc2 Rxc2 24. Qxc2 Rc8 25. Qd3 Nc6 26. Nxc6 Rxc6 27. b4
Qc8 28. e4 dxe4 29. Bxe4 Rc7 30. Bh7+ Kh8 31. Be4 Bxe4 32. Qxe4 Qd7 33. Bf4 Bd6
34. Be5 Kg8 35. Re3 Bxe5 36. dxe5 Qd1+ 37. Kg2 Rc1 38. Kh3 g5 39. g4 Rc2 40.
Kg2 Rd2 41. Qa8+ Kg7 42. Qf3 Qxf3+ 43. Kxf3 Rd4 44. Rc3 1/2-1/2

[Event "43. Torneo de Ajedrez Villa de Mislata"]
[Site "Mislata ESP"]
[Date "2009.08.28"]
[Round "6.14"]
[White "Bermejo Martinez, Jorge"]
[Black "Abreu Delgado, Aryam"]
[Result "0-1"]
[WhiteElo "2240"]
[BlackElo "2487"]
[PlyCount "90"]
[EventDate "2009.08.24"]
[EventType "swiss"]
[EventRounds "9"]
[EventCountry "ESP"]
[Source "lmi"]
[SourceDate "2009.08.24"]

1. d4 Nf6 2. Nf3 g6 3. c4 Bg7 4. Nc3 d5 5. Bf4 O-O 6. Rc1 dxc4 7. e3 Be6 8. Ng5
Bg4 9. Qa4 Nh5 10. Be5 Nd7 11. h3 Nxe5 12. hxg4 Nxg4 13. Be2 Nhf6 14. Nxh7 Nxh7
15. Bxg4 e5 16. dxe5 Bxe5 17. Qxc4 c6 18. Ke2 Qe7 19. Rh3 Bg7 20. Bf3 Ng5 21.
Qh4 Rfe8 22. Rh2 Rad8 23. Rch1 Rd4 24. Ne4 Rxe4 25. Bxe4 Nxe4 26. Qxe7 Rxe7 27.
b3 Rd7 28. Kf3 Nc3 29. a3 Rd2 30. g4 Ra2 31. a4 Rb2 32. g5 Rxb3 33. Rc1 Rb4 34.
Rc2 Rxa4 35. Rd2 Ne4 36. Rd8+ Bf8 37. Rg2 Nc5 38. Kg3 Ne6 39. Rb8 Rb4 40. f4
Rb3 41. Kf3 Nd4+ 42. Kf2 Nf5 43. e4 Nd6 44. e5 Nf5 45. Rg1 Nd4 0-1

[Event "43. Torneo de Ajedrez Villa de Mislata"]
[Site "Mislata ESP"]
[Date "2009.08.28"]
[Round "6.15"]
[White "Puerto Traver, Juan Manuel"]
[Black "Gongora Reyes, Maikel"]
[Result "0-1"]
[WhiteElo "2155"]
[BlackElo "2446"]
[PlyCount "102"]
[EventDate "2009.08.24"]
[EventType "swiss"]
[EventRounds "9"]
[EventCountry "ESP"]
[Source "lmi"]
[SourceDate "2009.08.24"]

1. d4 d5 2. Bg5 h6 3. Bh4 c5 4. dxc5 g5 5. Bg3 Bg7 6. c3 Na6 7. e4 dxe4 8.
Qxd8+ Kxd8 9. Bxa6 bxa6 10. Na3 f5 11. O-O-O+ Ke8 12. Bc7 Be6 13. Ne2 Rc8 14.
Ba5 Rxc5 15. Bb4 Rc8 16. Nc2 Nf6 17. Ned4 Bd7 18. Ne3 e6 19. b3 Bf8 20. Bxf8
Rxf8 21. Nc4 Ke7 22. Kb2 Rc5 23. Rhe1 Rb8 24. Nd2 Nd5 25. Nb1 Nf4 26. b4 Nxg2
27. Ka1 Rc7 28. Re2 Nf4 29. Re3 g4 30. a3 e5 31. Nb3 Ba4 32. Kb2 Bxb3 33. Kxb3
Rd8 34. Rxd8 Kxd8 35. Nd2 Ke7 36. c4 Nd3 37. Nxe4 fxe4 38. Rxe4 Nxf2 39. Rxe5+
Kf6 40. Ra5 Rc6 41. b5 axb5 42. cxb5 Rc7 43. Ra6+ Kg5 44. a4 Nd3 45. Rd6 Ne5
46. Kb4 Nf3 47. Rc6 Re7 48. Rc2 h5 49. a5 h4 50. b6 axb6 51. axb6 Nxh2 0-1

[Event "43. Torneo de Ajedrez Villa de Mislata"]
[Site "Mislata ESP"]
[Date "2009.08.28"]
[Round "6.16"]
[White "Carbonell Bofill, Carlos Eloy"]
[Black "Marholev, Dimitar"]
[Result "1-0"]
[WhiteElo "2203"]
[BlackElo "2364"]
[PlyCount "71"]
[EventDate "2009.08.24"]
[EventType "swiss"]
[EventRounds "9"]
[EventCountry "ESP"]
[Source "lmi"]
[SourceDate "2009.08.24"]

1. d4 Nf6 2. Nf3 c5 3. c3 b6 4. dxc5 bxc5 5. e4 Nc6 6. Bc4 e6 7. e5 Ng4 8. Qe2
Qc7 9. Bf4 f6 10. Bd5 Bb7 11. Nbd2 Ncxe5 12. Nxe5 Nxe5 13. Bxe5 fxe5 14. Bxb7
Qxb7 15. Qh5+ Kd8 16. O-O e4 17. Rfd1 Qd5 18. Qe2 Qd3 19. Qg4 h5 20. Qg5+ Kc7
21. Nf3 Qb5 22. c4 Qb7 23. Ne5 d6 24. Ng6 Rg8 25. b4 cxb4 26. Qf4 Kb6 27. Nxf8
Raxf8 28. Qxd6+ Qc6 29. Qxb4+ Kc7 30. Rab1 Rf7 31. c5 e3 32. fxe3 Rgf8 33. Rd6
Qa8 34. Qa5+ Kc8 35. Qa6+ Kc7 36. e4 1-0

[Event "43. Torneo de Ajedrez Villa de Mislata"]
[Site "Mislata ESP"]
[Date "2009.08.28"]
[Round "6.17"]
[White "Garcia, Jhoel"]
[Black "Martinez Tormo, Jorge"]
[Result "1-0"]
[WhiteElo "2341"]
[BlackElo "2169"]
[PlyCount "92"]
[EventDate "2009.08.24"]
[EventType "swiss"]
[EventRounds "9"]
[EventCountry "ESP"]
[Source "lmi"]
[SourceDate "2009.08.24"]

1. d4 d5 2. c4 c6 3. Nf3 Nf6 4. Qc2 g6 5. e3 Bg7 6. Nc3 a6 7. c5 Bf5 8. Qb3 Qc7
9. Nh4 Nbd7 10. Nxf5 gxf5 11. Bd3 e6 12. Na4 O-O 13. Nb6 Nxb6 14. cxb6 Qd8 15.
h3 Nd7 16. g4 f4 17. exf4 Qxb6 18. Qxb6 Nxb6 19. Be3 Nc4 20. Bxc4 dxc4 21. Rc1
b5 22. b3 Rfd8 23. bxc4 Bxd4 24. Ke2 c5 25. Rhd1 Bxe3 26. fxe3 b4 27. g5 Kf8
28. e4 Ke7 29. f5 exf5 30. exf5 Rxd1 31. Rxd1 Rd8 32. f6+ Ke8 33. Re1 Kd7 34.
Kf3 Re8 35. Rd1+ Kc6 36. Kg4 Re4+ 37. Kh5 Rxc4 38. Kh6 Rh4+ 39. Kg7 Rxh3 40.
Rg1 c4 41. Kxf7 b3 42. axb3 cxb3 43. Kg7 a5 44. Rf1 b2 45. f7 Rf3 46. Rxf3 b1=Q
1-0

[Event "43. Torneo de Ajedrez Villa de Mislata"]
[Site "Mislata ESP"]
[Date "2009.08.28"]
[Round "6.18"]
[White "Jordan Arenas, Manuel"]
[Black "Debray, Christopher"]
[Result "0-1"]
[WhiteElo "2120"]
[BlackElo "2328"]
[PlyCount "88"]
[EventDate "2009.08.24"]
[EventType "swiss"]
[EventRounds "9"]
[EventCountry "ESP"]
[Source "lmi"]
[SourceDate "2009.08.24"]

1. e4 c6 2. d4 d5 3. e5 c5 4. dxc5 e6 5. Be3 Nh6 6. Nf3 Nf5 7. Qd2 Nxe3 8. Qxe3
Qa5+ 9. Nbd2 Bxc5 10. Qg5 O-O 11. Bd3 h6 12. Qh5 Bd7 13. g4 Be8 14. Qh3 Bb5 15.
g5 Bxd3 16. cxd3 Qb6 17. Qh4 Be7 18. Rg1 Nc6 19. Qh5 g6 20. Qxh6 Rfc8 21. Rg3
Bf8 22. Qh4 Bg7 23. Qf4 Qxb2 24. Rb1 Nxe5 25. Nxe5 Qxe5+ 26. Qxe5 Bxe5 27. Rg4
Rc2 28. d4 Bxh2 29. Nf3 Bd6 30. Rxb7 Rxa2 31. Ne5 Rb8 32. Rxb8+ Bxb8 33. Nd7
Bc7 34. Nf6+ Kf8 35. Rh4 Ke7 36. Rh8 Ba5+ 37. Kf1 Bb6 38. Re8+ Kd6 39. Rf8 Bxd4
40. Rxf7 Rxf2+ 41. Ke1 Rf5 42. Ne8+ Ke5 43. Re7 Bc5 44. Rc7 Bb4+ 0-1

[Event "43. Torneo de Ajedrez Villa de Mislata"]
[Site "Mislata ESP"]
[Date "2009.08.28"]
[Round "6.19"]
[White "Crecente Penalba, Jose Manuel"]
[Black "Castella Garcia, Fausto"]
[Result "1/2-1/2"]
[WhiteElo "2106"]
[BlackElo "2320"]
[PlyCount "82"]
[EventDate "2009.08.24"]
[EventType "swiss"]
[EventRounds "9"]
[EventCountry "ESP"]
[Source "lmi"]
[SourceDate "2009.08.24"]

1. d4 Nf6 2. c4 g6 3. Nc3 Bg7 4. e4 d6 5. g3 O-O 6. Bg2 c5 7. dxc5 dxc5 8. Qxd8
Rxd8 9. Nge2 Nc6 10. O-O Nd4 11. Rb1 Bg4 12. f3 Bd7 13. Be3 Bc6 14. Rfd1 Ne8
15. Kf2 b6 16. b3 e6 17. Rd2 Nxe2 18. Nxe2 Rxd2 19. Bxd2 Rd8 20. Be3 f5 21.
exf5 gxf5 22. Nf4 Kf7 23. Bh3 Nf6 24. Ne2 Ng8 25. Re1 Ne7 26. Nf4 Bc3 27. Rc1
Bh8 28. Ke2 Bb7 29. Ng2 Nc6 30. Nf4 Nd4+ 31. Bxd4 cxd4 32. Nd3 Bf6 33. c5 Rc8
34. b4 Ba6 35. a4 bxc5 36. Rxc5 Rxc5 37. bxc5 Ke7 38. Kd2 Kd7 39. f4 Bb7 40.
Nb4 a5 41. Nc2 Bc6 1/2-1/2

[Event "43. Torneo de Ajedrez Villa de Mislata"]
[Site "Mislata ESP"]
[Date "2009.08.28"]
[Round "6.20"]
[White "Gomez Jurado, Luis Alberto"]
[Black "Navarro Diaz, Carles"]
[Result "1-0"]
[WhiteElo "2282"]
[BlackElo "2047"]
[PlyCount "51"]
[EventDate "2009.08.24"]
[EventType "swiss"]
[EventRounds "9"]
[EventCountry "ESP"]
[Source "lmi"]
[SourceDate "2009.08.24"]

1. d4 Nf6 2. Nf3 g6 3. c4 Bg7 4. Nc3 O-O 5. e4 d6 6. Be2 e5 7. d5 Na6 8. Nd2
Ne8 9. a3 f5 10. b4 f4 11. Nb3 Qh4 12. Bf3 g5 13. h3 Nf6 14. Ne2 Qh6 15. g4 Qg6
16. Nc3 Kf7 17. c5 Rh8 18. cxd6 cxd6 19. Nb5 Bf8 20. Qe2 h5 21. gxh5 Nxh5 22.
Na5 Nf6 23. Bb2 Rxh3 24. Rxh3 Bxh3 25. Nxb7 Ne8 26. Bh5 1-0

[Event "43. Torneo de Ajedrez Villa de Mislata"]
[Site "Mislata ESP"]
[Date "2009.08.28"]
[Round "6.21"]
[White "Sanchez Romero, Miguel Angel"]
[Black "Echevarria d'Angelo, Nestor"]
[Result "1/2-1/2"]
[WhiteElo "2251"]
[BlackElo "2025"]
[PlyCount "39"]
[EventDate "2009.08.24"]
[EventType "swiss"]
[EventRounds "9"]
[EventCountry "ESP"]
[Source "lmi"]
[SourceDate "2009.08.24"]

1. e4 e5 2. Nf3 Nf6 3. Nxe5 Nxe4 4. Qe2 Qe7 5. Qxe4 d6 6. d4 dxe5 7. dxe5 Nc6
8. Nc3 Qxe5 9. Qxe5+ Nxe5 10. Bf4 Bd6 11. Bg3 Bd7 12. Nb5 Bxb5 13. Bxb5+ c6 14.
O-O-O O-O-O 15. Be2 Rhe8 16. Rhe1 f6 17. Bh4 Re7 18. f4 Ng6 19. Bg4+ Kc7 20.
Rxe7+ 1/2-1/2

[Event "43. Torneo de Ajedrez Villa de Mislata"]
[Site "Mislata ESP"]
[Date "2009.08.28"]
[Round "6.23"]
[White "Montoliu Cervero, Francisco"]
[Black "Lasinskas, Povilas"]
[Result "1-0"]
[WhiteElo "2268"]
[BlackElo "2063"]
[PlyCount "37"]
[EventDate "2009.08.24"]
[EventType "swiss"]
[EventRounds "9"]
[EventCountry "ESP"]
[Source "lmi"]
[SourceDate "2009.08.24"]

1. e4 e5 2. Nf3 d6 3. d4 Nd7 4. Bc4 c6 5. O-O Qc7 6. Nc3 Be7 7. Ng5 Nh6 8.
Bxf7+ Nxf7 9. Ne6 Qb8 10. Nxg7+ Kf8 11. Ne6+ Ke8 12. f4 Nf6 13. d5 Bxe6 14.
dxe6 Nd8 15. fxe5 dxe5 16. Rxf6 Bxf6 17. Qd7+ Kf8 18. Bh6+ Kg8 19. Qe8# 1-0

[Event "43. Torneo de Ajedrez Villa de Mislata"]
[Site "Mislata ESP"]
[Date "2009.08.28"]
[Round "7.2"]
[White "Ortiz Suarez, Isan Reynaldo"]
[Black "Gomez Ledo, Roberto Carlos"]
[Result "1/2-1/2"]
[WhiteElo "2504"]
[BlackElo "2404"]
[PlyCount "33"]
[EventDate "2009.08.24"]
[EventType "swiss"]
[EventRounds "9"]
[EventCountry "ESP"]
[Source "lmi"]
[SourceDate "2009.08.24"]

1. d4 d5 2. c4 c6 3. Nf3 Nf6 4. e3 e6 5. Bd3 Nbd7 6. O-O Bd6 7. Nc3 O-O 8. e4
dxc4 9. Bxc4 e5 10. Bg5 Qe7 11. h3 h6 12. Bh4 exd4 13. Nxd4 Ne5 14. Bb3 Ng6 15.
Nf3 Rd8 16. Qc2 Nxh4 17. Nxh4 1/2-1/2

[Event "43. Torneo de Ajedrez Villa de Mislata"]
[Site "Mislata ESP"]
[Date "2009.08.28"]
[Round "7.3"]
[White "Gomez Garrido, Camilo"]
[Black "Pardo Simon, David"]
[Result "1-0"]
[WhiteElo "2461"]
[BlackElo "2321"]
[PlyCount "223"]
[EventDate "2009.08.24"]
[EventType "swiss"]
[EventRounds "9"]
[EventCountry "ESP"]
[Source "lmi"]
[SourceDate "2009.08.24"]

1. e4 e5 2. Nf3 Nc6 3. Bb5 Nge7 4. Nc3 Ng6 5. d4 exd4 6. Nxd4 Bc5 7. Be3 Bxd4
8. Bxd4 O-O 9. Be3 d6 10. Qd2 a6 11. Be2 b5 12. h4 Nge5 13. h5 Kh8 14. h6 g6
15. Nd5 f6 16. Qc3 Bb7 17. f4 Nd7 18. O-O-O Rc8 19. g4 Ne7 20. g5 Nxd5 21. exd5
c5 22. Bg4 b4 23. Qd2 f5 24. Bf3 Kg8 25. c4 Nb6 26. b3 a5 27. Kb1 a4 28. Qc2 a3
29. Rhe1 Rc7 30. Re2 Re8 31. Rde1 Rce7 32. Kc1 Ba6 33. Qd3 Qd7 34. Kd2 Nc8 35.
Rc1 Bb7 36. Ke1 Rf8 37. Kf2 Rfe8 38. Rce1 Ba8 39. Qb1 Bb7 40. Qa1 Ba8 41. Kg3
Bb7 42. Qf6 Rf8 43. Qa1 Rfe8 44. Bf2 Rxe2 45. Bxe2 Ba8 46. Bf3 Rxe1 47. Qxe1
Qe7 48. Qa1 Bb7 49. Kh4 Qf7 50. Qe1 Qe7 51. Qg1 Kf8 52. Kg3 Kg8 53. Qa1 Qf7 54.
Be3 Qe7 55. Kf2 Qf7 56. Ke2 Qe7 57. Kd2 Qf7 58. Be2 Ba8 59. Bd3 Bb7 60. Qg1 Qf8
61. Bc2 Ba8 62. Qa1 Qf7 63. Bd1 Bb7 64. Ke2 Qe7 65. Kf2 Qf7 66. Bf3 Qe7 67. Bd2
Qf7 68. Qe1 Ba8 69. Kg2 Qe7 70. Bxb4 cxb4 71. Qxb4 Qa7 72. Qe1 Qe7 73. Qa5 Bb7
74. Qxa3 Kf8 75. Qb2 Ke8 76. a4 Kd8 77. Qg7 Ba6 78. Kf2 Nb6 79. Qd4 Kc7 80. a5
Nc8 81. b4 Kb8 82. b5 Bb7 83. a6 Ba8 84. b6 Qd8 85. b7 Bxb7 86. axb7 Kxb7 87.
Qb2+ Qb6+ 88. Qxb6+ Kxb6 89. Ke3 Kc5 90. Kd3 Ne7 91. Bd1 Kb4 92. Kd4 Nc8 93.
Be2 Ne7 94. Bf1 Nc8 95. c5 dxc5+ 96. Ke5 Nb6 97. d6 c4 98. Ke6 c3 99. Bd3 Kc5
100. d7 Nxd7 101. Kxd7 Kd4 102. Bc2 Ke3 103. Ke6 Kxf4 104. Kf6 Kg4 105. Kg7 f4
106. Kxh7 f3 107. Kxg6 f2 108. h7 f1=Q 109. h8=Q Qa6+ 110. Qf6 Qe2 111. Bf5+
Kh4 112. Qd4+ 1-0

[Event "43. Torneo de Ajedrez Villa de Mislata"]
[Site "Mislata ESP"]
[Date "2009.08.28"]
[Round "7.4"]
[White "Fernandez Cardoso, Alexey"]
[Black "Palencia, Wilson"]
[Result "1/2-1/2"]
[WhiteElo "2419"]
[BlackElo "2319"]
[PlyCount "91"]
[EventDate "2009.08.24"]
[EventType "swiss"]
[EventRounds "9"]
[EventCountry "ESP"]
[Source "lmi"]
[SourceDate "2009.08.24"]

1. e4 d6 2. d4 Nf6 3. Nc3 g6 4. f3 c6 5. Be3 b5 6. Qd2 Nbd7 7. g4 h6 8. Nge2
Nb6 9. Ng3 h5 10. gxh5 Nxh5 11. Rg1 Nc4 12. Bxc4 bxc4 13. Nce2 d5 14. e5 Ng7
15. Nf4 Ne6 16. Nxe6 Bxe6 17. Qf2 Qb8 18. O-O-O Qb4 19. Bd2 Qa4 20. a3 Rb8 21.
Bc3 Rh4 22. f4 Bh6 23. Ne2 Rh5 24. h4 Kd7 25. Rd2 Qb5 26. Rh1 Rf5 27. Qe3 Rh8
28. Rdd1 f6 29. exf6 Rxf6 30. Bb4 Rhf8 31. Rdf1 a5 32. Bd2 Rb8 33. Qc3 Bg4 34.
Ng3 Rbf8 35. h5 gxh5 36. Nxh5 Rf5 37. Ng3 R5f6 38. Rh4 Bxf4 39. Rxg4 Bxd2+ 40.
Kxd2 Rxf1 41. Nxf1 Rxf1 42. Qh3 c3+ 43. bxc3 Rf2+ 44. Kc1 Rf1+ 45. Kd2 Rf2+ 46.
Kc1 1/2-1/2

[Event "43. Torneo de Ajedrez Villa de Mislata"]
[Site "Mislata ESP"]
[Date "2009.08.28"]
[Round "7.5"]
[White "Battaglini, Gabriel"]
[Black "Vassallo Barroche, Mauricio"]
[Result "1/2-1/2"]
[WhiteElo "2345"]
[BlackElo "2409"]
[PlyCount "103"]
[EventDate "2009.08.24"]
[EventType "swiss"]
[EventRounds "9"]
[EventCountry "ESP"]
[Source "lmi"]
[SourceDate "2009.08.24"]

1. d4 Nf6 2. c4 g6 3. Nc3 Bg7 4. e4 d6 5. f3 O-O 6. Be3 a6 7. Qd2 Nbd7 8. Nge2
c5 9. Bh6 b5 10. h4 b4 11. Nd1 cxd4 12. Bxg7 Kxg7 13. Nxd4 Qb6 14. Ne3 Nc5 15.
O-O-O h5 16. g4 hxg4 17. h5 Rh8 18. Nd5 Nxd5 19. exd5 e5 20. dxe6 Nxe6 21. h6+
Kh7 22. fxg4 Nxd4 23. Qxd4 Qxd4 24. Rxd4 Be6 25. g5 Rac8 26. b3 d5 27. Kb2 Rc5
28. cxd5 Bxd5 29. Rg1 a5 30. Bc4 Bxc4 31. Rxc4 Rf5 32. Rg2 Re8 33. a3 bxa3+ 34.
Kxa3 Ree5 35. Rcg4 f6 36. gxf6 Rxf6 37. Rh4 Rh5 38. Rxh5 gxh5 39. Rg5 h4 40.
Rxa5 h3 41. Kb4 Rf4+ 42. Kc3 Kxh6 43. b4 h2 44. Ra1 Kg5 45. Rh1 Rh4 46. b5 Kf4
47. Kd4 Kg3+ 48. Kc5 Rh5+ 49. Kc6 Rh6+ 50. Kc7 Rh7+ 51. Kc6 Rh6+ 52. Kc7
1/2-1/2

[Event "43. Torneo de Ajedrez Villa de Mislata"]
[Site "Mislata ESP"]
[Date "2009.08.28"]
[Round "7.6"]
[White "Fenollar Jorda, Manuel"]
[Black "Prie, Eric"]
[Result "0-1"]
[WhiteElo "2341"]
[BlackElo "2491"]
[PlyCount "70"]
[EventDate "2009.08.24"]
[EventType "swiss"]
[EventRounds "9"]
[EventCountry "ESP"]
[Source "lmi"]
[SourceDate "2009.08.24"]

1. d4 Nf6 2. Nf3 d5 3. c4 dxc4 4. e3 Be6 5. Ne5 c5 6. Qa4+ Nbd7 7. Bxc4 Bxc4 8.
Qxc4 Nxe5 9. dxe5 Qd5 10. Qxd5 Nxd5 11. Nd2 e6 12. Ne4 Be7 13. Bd2 O-O 14. Ke2
Rfd8 15. Rhc1 b6 16. f4 h5 17. h3 h4 18. Be1 Rd7 19. a4 Kh7 20. a5 Rg8 21. axb6
axb6 22. Kf3 Kg6 23. Rd1 Rgd8 24. Nd6 f5 25. Nb5 Kh5 26. Ra7 g5 27. Rxd7 Rxd7
28. Ra1 gxf4 29. exf4 Nxf4 30. Bc3 Rd3+ 31. Kf2 Rg3 32. Ra7 Bg5 33. Ra6 Nxg2
34. Rxb6 Be3+ 35. Ke2 f4 0-1